The wounded healer; (Record no. 13133)
[ view plain ]
| 000 -LEADER | |
|---|---|
| fixed length control field | 00614nam a2200217 4500 |
| 020 ## - ISBN | |
| ISBN | 9780232521023 |
| 020 ## - ISBN | |
| ISBN | 9780385148030 |
| 020 ## - ISBN | |
| ISBN | 0385148038 |
| 050 00 - LIBRARY OF CONGRESS CALL NUMBER | |
| Classification number | BV4011 |
| 082 00 - DEWEY DECIMAL CLASSIFICATION NUMBER | |
| Classification number | 253 N9349w 1972 |
| 100 1# - MAIN ENTRY--PERSONAL NAME | |
| Personal name | Nouwen, Henri J. M. |
| 245 14 - TITLE STATEMENT | |
| Title | The wounded healer; |
| Remainder of title | ministry in contemporary society |
| Statement of responsibility, etc. | Henri J. M. Nouwen |
| 250 ## - EDITION STATEMENT | |
| Edition statement | [1st ed.] |
| 260 ## - PUBLICATION, DISTRIBUTION, ETC. (IMPRINT) | |
| Place of publication, distribution, etc. | New York |
| Name of publisher, distributor, etc. | Image Books Doubleday, |
| Date of publication, distribution, etc. | c1972. |
| 300 ## - PHYSICAL DESCRIPTION | |
| Extent/Page number | xvi, 100 p. |
| Other physical details | illus. |
| Dimensions | 22 cm. |
| 337 ## - MEDIA TYPE | |
| Media type term | unmediated |
| Media type code | n |
| 504 ## - BIBLIOGRAPHY, ETC. NOTE | |
| Bibliography, etc | Text complete and unabridged. |
| 526 ## - STUDY PROGRAM INFORMATION NOTE | |
| PROGRAM TYPE | Religion (men’s faith) |
| SUB-PROGRAM TYPE | Christian experience, practice, life |
| 650 #0 - SUBJECT ADDED ENTRY--TOPICAL TERM | |
| Topical term or geographic name as entry element | Pastoral theology. |
| 942 ## - ADDED ENTRY ELEMENTS | |
| Classification | |
| Item type | Book |
| Withdrawn status | Lost status | Source of classification or shelving scheme | Damaged status | Not for loan | Collection code | Permanent Location | Current Location | Shelving location | Date acquired | Total Checkouts | Full call number | Barcode | Date last seen | Date last checked out | Price effective from | Item type |
|---|---|---|---|---|---|---|---|---|---|---|---|---|---|---|---|---|
| Circulation | Grade School Library | Grade School Library | 2025-08-26 | 1 | 253 N9349w 1972 | GS1156 | 2025-08-26 | 2025-08-26 | 2025-08-26 | Book |